Statistics for Famous People from Colorado

Click here to take the quiz!

General Stats

  • This quiz has been taken 523 times
    (522 since last reset)
  • The average score is 5 of 10

Answer Stats

ClueHometownAnswer% Correct
"Rocky Mountain High" singerAspenJohn Denver
87%
Bronco's Super Bowl winning quarterbackDenverJohn Elway
70%
Beer tycoon - first name AdolphDenverAdolph Coors
69%
Edison rival and developer of AC power who lived in
Colorado for one year
Colorado SpringsNikola Tesla
64%
"South Park" co-creatorEvergreenTrey Parker
47%
Star of "Julie & Julia" and "The Fightter"Castle RockAmy Adams
43%
"South Park" co-creatorLittletonMatt Stone
42%
Swashbuckling silent film star, husband of Mary PickfordDenverDouglas Fairbanks
21%
Heavyweight champ who lost to Gene Tunney in 1926ManassaJack Dempsey
18%
He was the model for Dean Moriarty in "On the Road"DenverNeal Cassidy
7%

Score Distribution

Percentile by Number Answered

Percent of People with Each Score

Your Score History

You have not taken this quiz since the last reset